000 00564nam a22001697a 4500
005 20220408151840.0
008 220408b ||||| |||| 00| 0 eng d
020 _a9781137605214
040 _cAIMIT LIBRARY
100 _aRandall, Julian.
_928632
245 _aManagement consultancy:
_brole of the change agent /
_cBy Julian Randall, Bernard Burnes and Allan J. Sim.
250 _a1st ed.
260 _aManchester ;
_bRed Globe Press ,
_c2013.
300 _a195p. ;
_bPB
_c26 cm.
650 _aManagement Consultancy.
_928633
942 _2ddc
_cBK
_e1st
_k658.46 RANJ
999 _c222296
_d222296